[Event "16th EUR-ch"]
[Site "Jerusalem ISR"]
[Date "2015.03.06"]
[Round "10"]
[White "Babula, Vlastimil"]
[Black "Mamedov, Rauf"]
[Result "1/2-1/2"]
[WhiteElo "2545"]
[BlackElo "2650"]
[EventDate "2015.02.24"]
[PlyCount "85"]

1.d4 d5 2.Nf3 Nf6 3.c4 c6 4.Nc3 dxc4 5.a4 Bf5 6.Ne5 Nbd7 7.Nxc4 Qc7 8.g3 
e5 9.dxe5 Nxe5 10.Bf4 Nfd7 11.Bg2 g5 12.Ne3 gxf4 13.Nxf5 O-O-O 14.Qc2 Nc5 
15.O-O fxg3 16.hxg3 a5 17.Rfd1 h5 18.Rxd8+ Qxd8 19.Rd1 Qf6 20.Qd2 Kb8 21.
Qf4 Ka7 22.e3 Rg8 23.Ne4 Nxe4 24.Qxe4 Bc5 25.Qc2 Bb4 26.Kf1 h4 27.gxh4 Ng4
28.Be4 Qg6 29.Ke2 Ne5 30.Nd4 Qh5+ 31.Bf3 Qxh4 32.Qf5 Re8 33.Bh1 Kb6 34.b3 
Bc5 35.Nf3 Nxf3 36.Bxf3 Bxe3 37.fxe3 Qh2+ 38.Kd3 Qb2 39.Qxf7 Rd8+ 40.Ke4 
Qc2+ 41.Kf4 Rxd1 42.Bxd1 Qxd1 43.Qc4 1/2-1/2

[Event "16th EUR-ch"]
[Site "Jerusalem ISR"]
[Date "2015.03.06"]
[Round "10"]
[White "Hracek, Zbynek"]
[Black "Banusz, Tamas"]
[Result "1/2-1/2"]
[WhiteElo "2631"]
[BlackElo "2582"]
[EventDate "2015.02.24"]
[PlyCount "86"]

1.d4 d5 2.c4 c6 3.Nf3 Nf6 4.g3 Bg4 5.Ne5 Bf5 6.cxd5 cxd5 7.Nc3 Nc6 8.f3 
Rc8 9.g4 Bd7 10.Nxd7 Nxd7 11.h4 e6 12.e3 Be7 13.h5 Bh4+ 14.Ke2 h6 15.f4 
Be7 16.Kf2 Bb4 17.Ne2 Na5 18.Ng3 Nc4 19.Bd3 Be7 20.b3 Nd6 21.Kg2 Nf6 22.
Qf3 Qa5 23.Rd1 Kd7 24.Bd2 Qa3 25.e4 dxe4 26.Nxe4 Nfxe4 27.Bxe4 Nxe4 28.
Qxe4 Rhd8 29.f5 Qa6 30.Bf4 Ke8 31.Re1 Qc6 32.fxe6 Rxd4 33.Qxc6+ Rxc6 34.
exf7+ Kxf7 35.Kg3 Bf6 36.Rac1 Rxc1 37.Bxc1 Rd3+ 38.Be3 Bg5 39.Kf3 Ke6 40.
Ke4 Rxe3+ 41.Rxe3 Bxe3 42.Kxe3 Ke5 43.b4 b5 1/2-1/2

[Event "16th EUR-ch"]
[Site "Jerusalem ISR"]
[Date "2015.03.06"]
[Round "10"]
[White "Lupulescu, Constantin"]
[Black "Ter-Sahakyan, Samvel"]
[Result "1/2-1/2"]
[WhiteElo "2626"]
[BlackElo "2580"]
[EventDate "2015.02.24"]
[PlyCount "94"]

1.d4 d5 2.c4 c6 3.Nc3 Nf6 4.e3 e6 5.Nf3 Nbd7 6.Qc2 Bd6 7.b3 O-O 8.Bb2 e5 
9.Be2 exd4 10.Nxd4 dxc4 11.Bxc4 Ne5 12.Be2 Re8 13.O-O-O Qe7 14.Kb1 Ba3 15.
Ba1 a5 16.g4 a4 17.Nxa4 Nd5 18.Nf5 Bxf5 19.gxf5 Qh4 20.Nc3 Qxf2 21.Nxd5 
cxd5 22.Bb5 Qxc2+ 23.Kxc2 Ng4 24.Bxe8 Nxe3+ 25.Kd3 Nxd1 26.Bxf7+ Kxf7 27.
Rxd1 b5 28.Rd2 Ra7 29.Rg2 Bf8 30.Be5 b4 31.Kd4 Rd7 32.Rg1 Ra7 33.Rg2 Rd7 
34.h3 Rd8 35.Rc2 Rd7 36.Rc6 Ra7 37.f6 gxf6 38.Rxf6+ Ke8 39.Rf2 Ra5 40.Rc2 
Kd7 41.Rc7+ Ke6 42.Rc6+ Kd7 43.Rc7+ Ke6 44.Rc6+ Kd7 45.Rc7+ Ke6 46.Rc6+ 
Kd7 47.Rc7+ Ke6 1/2-1/2

[Event "16th EUR-ch"]
[Site "Jerusalem ISR"]
[Date "2015.03.06"]
[Round "10"]
[White "Swiercz, Dariusz"]
[Black "Nabaty, Tamir"]
[Result "0-1"]
[WhiteElo "2617"]
[BlackElo "2585"]
[EventDate "2015.02.24"]
[PlyCount "74"]

1.e4 c6 2.d4 d5 3.e5 c5 4.dxc5 e6 5.a3 Nc6 6.Nf3 Bxc5 7.b4 Bb6 8.Bb2 f6 9.
Bb5 Ne7 10.exf6 gxf6 11.c4 O-O 12.O-O a6 13.Ba4 dxc4 14.Nbd2 Bc7 15.b5 Na5
16.bxa6 Qd5 17.Qe2 Ng6 18.g3 Rxa6 19.Rad1 e5 20.Ne4 Qf7 21.Bb5 Rb6 22.a4 
Bg4 23.Bc3 Rxb5 24.axb5 Nb3 25.b6 Bxb6 26.Rd6 Bd8 27.Qe3 Be7 28.Rb6 Qd5 
29.Nh4 Nxh4 30.gxh4 Bf5 31.Re1 Nd4 32.Bxd4 exd4 33.Qf4 Kh8 34.h3 d3 35.Kh2
Bxe4 36.Rxe4 d2 37.Rb1 Bd6 0-1

[Event "16th EUR-ch"]
[Site "Jerusalem ISR"]
[Date "2015.03.06"]
[Round "10"]
[White "Kantarji, Pinchas"]
[Black "Pantsulaia, Levan"]
[Result "1-0"]
[WhiteElo "2420"]
[BlackElo "2615"]
[EventDate "2015.02.24"]
[PlyCount "147"]

1.d4 Nf6 2.c4 c5 3.Nf3 cxd4 4.Nxd4 e6 5.e3 a6 6.Be2 Qc7 7.O-O Be7 8.b3 O-O
9.Bb2 d6 10.Nc3 Nbd7 11.Qd2 b6 12.Bf3 Bb7 13.Bxb7 Qxb7 14.Rfd1 Rfc8 15.
Rac1 Ne5 16.h3 Ng6 17.Qe2 Rc7 18.Qf3 Qc8 19.Qe2 Bf8 20.Nf3 Rb8 21.Nb1 Qb7 
22.Nbd2 Rbc8 23.Qd3 Be7 24.a4 Nd7 25.Qe2 Nc5 26.Rb1 Rd7 27.Bd4 Rcd8 28.
Rdc1 Bf8 29.Bc3 d5 30.a5 dxc4 31.bxc4 Rd6 32.Bd4 Qc7 33.Rc2 f5 34.h4 bxa5 
35.h5 Ne7 36.Be5 Nc6 37.Bxd6 Qxd6 38.Nb3 Nxb3 39.Rxb3 Qd1+ 40.Qxd1 Rxd1+ 
41.Kh2 Bb4 42.Ra2 Rc1 43.Rbb2 Kf7 44.Rc2 Rd1 45.c5 e5 46.e4 Kf6 47.exf5 
Kxf5 48.Rc4 Rd3 49.Re2 Rc3 50.g4+ Kf6 51.Rxc3 Bxc3 52.Re3 Bd4 53.Nxd4 exd4
54.Re1 a4 55.Kg3 a3 56.Ra1 Ke5 57.Rxa3 a5 58.g5 Ke4 59.f3+ Kf5 60.g6 hxg6 
61.hxg6 Ke5 62.Kg4 Kd5 63.Kf5 Ne5 64.Rxa5 Nxf3 65.c6+ Kxc6 66.Ke4 Nd2+ 67.
Kd3 Nf3 68.Rh5 Kd6 69.Ke4 Nd2+ 70.Kxd4 Ke6 71.Rh3 Kf5 72.Rd3 Nb1 73.Ke3 
Kxg6 74.Rb3 1-0

[Event "16th EUR-ch"]
[Site "Jerusalem ISR"]
[Date "2015.03.06"]
[Round "10"]
[White "Andriasian, Zaven"]
[Black "Michalik, Peter"]
[Result "0-1"]
[WhiteElo "2612"]
[BlackElo "2576"]
[EventDate "2015.02.24"]
[PlyCount "78"]

1.e4 c6 2.Nc3 d5 3.Nf3 Bg4 4.h3 Bxf3 5.Qxf3 e6 6.g3 Nf6 7.Bg2 dxe4 8.Qe2 
Nbd7 9.Nxe4 Nxe4 10.Bxe4 g6 11.O-O Bg7 12.c3 O-O 13.d4 Re8 14.Bg2 Qe7 15.
Re1 Rad8 16.h4 h5 17.Bf4 Qf8 18.Bg5 Bf6 19.Be3 Bg7 20.a4 Bh6 21.Bg5 Bxg5 
22.hxg5 a5 23.g4 Qe7 24.gxh5 Qxg5 25.hxg6 Qxg6 26.Ra3 Nf6 27.Qe5 Rd5 28.
Qg3 Rg5 29.Qf3 Rd8 30.Raa1 Rdd5 31.Re5 Rdxe5 32.dxe5 Rxe5 33.Rd1 Kg7 34.
Rd4 Rg5 35.b4 e5 36.Rd6 axb4 37.cxb4 Qb1+ 38.Qd1 Qe4 39.Qf1 Nd5 0-1

[Event "16th EUR-ch"]
[Site "Jerusalem ISR"]
[Date "2015.03.06"]
[Round "10"]
[White "Goganov, Aleksey"]
[Black "Hansen, Sune Berg"]
[Result "1-0"]
[WhiteElo "2605"]
[BlackElo "2571"]
[EventDate "2015.02.24"]
[PlyCount "87"]

1.d4 Nf6 2.c4 e6 3.Nf3 b6 4.g3 Ba6 5.b3 Bb7 6.Bg2 Bb4+ 7.Bd2 a5 8.O-O O-O 
9.Qc2 d6 10.Nc3 Nbd7 11.Rfe1 Bxc3 12.Bxc3 Be4 13.Qb2 Qb8 14.Bf1 c6 15.Nd2 
Bg6 16.e4 b5 17.d5 cxd5 18.exd5 bxc4 19.dxe6 fxe6 20.Bxc4 d5 21.Bf1 e5 22.
Bxe5 Nxe5 23.Qxe5 Qb4 24.Nf3 Be4 25.Bg2 Bxf3 26.Bxf3 Rae8 27.Bxd5+ Kh8 28.
Be6 Re7 29.Rad1 Rfe8 30.Qd6 Qb7 31.Re3 h6 32.Rde1 Qa8 33.Qc5 Qb7 34.Qxa5 
Qc6 35.Qf5 Qa8 36.a4 Rf8 37.Qc5 Ree8 38.a5 Rd8 39.b4 Rd2 40.R3e2 Rxe2 41.
Rxe2 Rd8 42.Re1 Ne4 43.Qe5 Ng5 44.Bg4 1-0

[Event "16th EUR-ch"]
[Site "Jerusalem ISR"]
[Date "2015.03.06"]
[Round "10"]
[White "Alexandrov, Alexei"]
[Black "Yilmaz, Mustafa"]
[Result "1/2-1/2"]
[WhiteElo "2603"]
[BlackElo "2570"]
[EventDate "2015.02.24"]
[PlyCount "113"]

1.d4 Nf6 2.c4 c5 3.d5 e6 4.Nc3 exd5 5.cxd5 d6 6.Nf3 g6 7.Bf4 a6 8.Nd2 Nbd7
9.Qc2 Be7 10.h3 O-O 11.e4 b5 12.Be2 Re8 13.O-O Bf8 14.Rfe1 c4 15.b4 cxb3 
16.axb3 Bb7 17.b4 Rc8 18.Rac1 Rc7 19.Qb1 Qe7 20.Rc2 Rec8 21.Rec1 Bg7 22.
Be3 Rxc3 23.Rxc3 Rxc3 24.Rxc3 Nxd5 25.Rc1 Nxe3 26.fxe3 Ne5 27.Nf1 h5 28.
Qc2 Qh4 29.Bf3 Bc6 30.Rd1 Qe7 31.Qa2 Bb7 32.Rc1 Qg5 33.Kh1 Qe7 34.Qc2 Bc6 
35.Qa2 Qb7 36.Rd1 Nc4 37.Nd2 Nb2 38.Rf1 Be5 39.Be2 Na4 40.Bd3 Nc3 41.Qb3 
Kg7 42.Kg1 Qa7 43.Kh1 Qxe3 44.Qxf7+ Kh6 45.Nf3 Bxe4 46.Re1 Qxd3 47.Qf8+ 
Bg7 48.Qf4+ Kh7 49.Ng5+ Kh8 50.Nxe4 Nxe4 51.Rxe4 Qb1+ 52.Kh2 Be5 53.Rxe5 
dxe5 54.Qxe5+ Kh7 55.Qe7+ Kh6 56.Qf8+ Kh7 57.Qf7+ 1/2-1/2

[Event "16th EUR-ch"]
[Site "Jerusalem ISR"]
[Date "2015.03.06"]
[Round "10"]
[White "Riazantsev, Alexander"]
[Black "Popilski, Gil"]
[Result "1-0"]
[WhiteElo "2688"]
[BlackElo "2517"]
[EventDate "2015.02.24"]
[PlyCount "97"]

1.d4 Nf6 2.c4 g6 3.Nf3 Bg7 4.g3 d5 5.cxd5 Nxd5 6.Bg2 Nb6 7.O-O Nc6 8.e3 e5
9.Nc3 exd4 10.Nxd4 Nxd4 11.exd4 c6 12.d5 cxd5 13.Nxd5 O-O 14.Bf4 Nxd5 15.
Qxd5 Qxd5 16.Bxd5 Bf5 17.Bxb7 Rad8 18.a4 a5 19.Rac1 Bh3 20.Bg2 Bxg2 21.
Kxg2 Bxb2 22.Rc5 Ra8 23.Rd1 Ba3 24.Rb5 Bb4 25.Bc7 Rfc8 26.Rb7 Re8 27.Rd7 
Re7 28.Rxe7 Bxe7 29.Kf3 Bb4 30.Rb8+ Rxb8 31.Bxb8 f5 32.Ke2 Kf7 33.Kd3 Bc5 
34.f3 Bg1 35.h3 Bh2 36.Bc7 h5 37.Bxa5 Bxg3 38.Bd2 Ke6 39.Kc4 f4 40.a5 g5 
41.Kd3 Kd5 42.a6 Bf2 43.Ba5 Ba7 44.Bd8 g4 45.hxg4 hxg4 46.fxg4 f3 47.g5 
Kc6 48.g6 Bd4 49.Bh4 1-0

[Event "16th EUR-ch"]
[Site "Jerusalem ISR"]
[Date "2015.03.06"]
[Round "10"]
[White "Zhigalko, Sergei"]
[Black "Sivuk, Vitaly"]
[Result "1-0"]
[WhiteElo "2675"]
[BlackElo "2517"]
[EventDate "2015.02.24"]
[PlyCount "105"]

1.e4 Nf6 2.e5 Nd5 3.d4 d6 4.Nf3 g6 5.Bc4 Nb6 6.Bb3 Bg7 7.Qe2 O-O 8.h3 Nc6 
9.O-O Na5 10.Nc3 Bf5 11.Bf4 d5 12.Nd1 Qd7 13.Ne3 c6 14.Rfe1 Rae8 15.c3 
Nxb3 16.axb3 a6 17.Nxf5 Qxf5 18.Qd2 Na8 19.g4 Qc8 20.e6 fxe6 21.Re2 Rf6 
22.Ne5 Nb6 23.Bg5 Rff8 24.Rae1 c5 25.dxc5 Qxc5 26.Be3 Qb5 27.Bxb6 Bxe5 28.
Rxe5 Qxb6 29.Rxe6 Qxb3 30.Rxe7 Rxe7 31.Rxe7 Rf7 32.Re8+ Rf8 33.Re5 Qc4 34.
Rxd5 Qe4 35.Rd4 Qf3 36.Rd3 Qe4 37.Re3 Qf4 38.Qe2 Rf7 39.Re4 Qf6 40.Qe3 Qd6
41.c4 Qf6 42.b4 Qb2 43.c5 Kg7 44.Rd4 h6 45.Rf4 Qa2 46.Qd4+ Kh7 47.Re4 Qa4 
48.h4 Qc6 49.Kg2 Rd7 50.Qe3 Qd5 51.Kg3 Qf7 52.Re6 Qg7 53.h5 1-0

[Event "16th EUR-ch"]
[Site "Jerusalem ISR"]
[Date "2015.03.06"]
[Round "10"]
[White "Klein, David"]
[Black "Melkumyan, Hrant"]
[Result "1/2-1/2"]
[WhiteElo "2505"]
[BlackElo "2673"]
[EventDate "2015.02.24"]
[PlyCount "102"]

1.e4 e5 2.Nf3 Nc6 3.Bb5 a6 4.Ba4 Nf6 5.O-O Be7 6.d3 b5 7.Bb3 O-O 8.Nc3 d6 
9.a3 Rb8 10.h3 Na5 11.Ba2 c5 12.Bg5 Be6 13.Bxf6 Bxf6 14.Nd5 c4 15.dxc4 
Nxc4 16.Bxc4 bxc4 17.b4 cxb3 18.cxb3 Bxd5 19.Qxd5 Rb5 20.Qc6 Qa8 21.Qxa8 
Rxa8 22.Rab1 Rab8 23.b4 a5 24.Rfc1 Kf8 25.Rc4 Ke8 26.Ne1 d5 27.exd5 Rxd5 
28.Nc2 Be7 29.Kf1 g6 30.Ke2 axb4 31.axb4 Rdb5 32.g4 Ra8 33.Kd3 f5 34.gxf5 
gxf5 35.Rc6 Rd5+ 36.Kc4 Rd2 37.Ne3 Rxf2 38.b5 Rf4+ 39.Kd5 Kf7 40.Nc4 Rd8+ 
41.Kxe5 Rf2 42.b6 Bh4 43.Rc7+ Kg6 44.Rg1+ Kh6 45.Ke6 Re2+ 46.Kf7 Ree8 47.
b7 Rf8+ 48.Ke6 Rfe8+ 49.Kf7 Rf8+ 50.Ke6 Rfe8+ 51.Kf7 Rf8+ 1/2-1/2

[Event "16th EUR-ch"]
[Site "Jerusalem ISR"]
[Date "2015.03.06"]
[Round "10"]
[White "Gajewski, Grzegorz"]
[Black "Barnaure, Vlad-Victor"]
[Result "1-0"]
[WhiteElo "2646"]
[BlackElo "2508"]
[EventDate "2015.02.24"]
[PlyCount "129"]

1.c4 c6 2.d4 d5 3.Nf3 Nf6 4.Nc3 e6 5.e3 a6 6.Bd2 c5 7.cxd5 exd5 8.Bd3 Nc6 
9.h3 Be6 10.O-O h6 11.dxc5 Bxc5 12.Ne2 O-O 13.Rc1 Bd6 14.Bc3 Re8 15.Nfd4 
Bd7 16.Nf4 Ne4 17.Bxe4 dxe4 18.Nde2 Be5 19.Qc2 Qg5 20.Rfd1 Rad8 21.Rd5 Be6
22.Rxd8 Qxd8 23.Bxe5 Nxe5 24.Nxe6 Rxe6 25.Nd4 Re8 26.Qxe4 Qd7 27.Qf5 Qxf5 
28.Nxf5 Nd3 29.Rc7 Re5 30.Nd6 Ra5 31.a3 b5 32.Rc8+ Kh7 33.Rc2 b4 34.axb4 
Ra1+ 35.Kh2 Nxb4 36.Rd2 Kg8 37.Rd4 a5 38.Nc4 Rb1 39.Kg3 g6 40.Nxa5 Rxb2 
41.Nc4 Rc2 42.Rd8+ Kh7 43.Ne5 Rc7 44.Rd6 Kg7 45.f4 Na2 46.Kf3 Nc1 47.g4 
Nb3 48.f5 gxf5 49.gxf5 Na5 50.Ng4 Nc4 51.Ra6 h5 52.Nf6 Re7 53.Nxh5+ Kh8 
54.Kf4 Rxe3 55.Ra8+ Kh7 56.Kg5 f6+ 57.Nxf6+ Kg7 58.Ra7+ Kf8 59.Nh7+ Ke8 
60.h4 Nd6 61.Kg6 Rg3+ 62.Ng5 Rg4 63.f6 Kd8 64.Kh5 Rg1 65.f7 1-0

[Event "16th EUR-ch"]
[Site "Jerusalem ISR"]
[Date "2015.03.06"]
[Round "10"]
[White "Dreev, Aleksey"]
[Black "Andersen, Mads"]
[Result "1-0"]
[WhiteElo "2643"]
[BlackElo "2494"]
[EventDate "2015.02.24"]
[PlyCount "121"]

1.d4 d5 2.c4 c6 3.Nf3 Nf6 4.g3 dxc4 5.Bg2 g6 6.O-O Bg7 7.a4 Ne4 8.Qc2 Nd6 
9.e4 Bg4 10.Be3 Na6 11.Nbd2 Nb4 12.Qc3 a5 13.Ne5 Be6 14.Ndxc4 Nxc4 15.Nxc4
c5 16.Rad1 Rc8 17.e5 Nd5 18.Bxd5 Qxd5 19.Nb6 Qf3 20.Bf4 Qxc3 21.bxc3 Rc6 
22.Rb1 cxd4 23.cxd4 Bf5 24.d5 Rc3 25.Rfc1 Rxc1+ 26.Rxc1 g5 27.Bxg5 Bxe5 
28.Nc4 Bd4 29.Re1 e6 30.Rd1 f6 31.Rxd4 fxg5 32.d6 Kf7 33.Nxa5 e5 34.Rd2 
Be4 35.Nc4 Ke6 36.Re2 Kd5 37.Nb6+ Kd4 38.d7 Rd8 39.a5 Bd3 40.Re1 Bc2 41.g4
e4 42.Kg2 Kc3 43.h4 h6 44.Rh1 Kb4 45.Rc1 Kc3 46.hxg5 hxg5 47.Kg3 Kb3 48.
Rh1 Kb4 49.Ra1 Bd3 50.Rc1 Kxa5 51.Rc8 Kxb6 52.Rxd8 Kc7 53.Rg8 Kxd7 54.Rxg5
b5 55.Kf4 b4 56.Rd5+ Kc6 57.Rxd3 exd3 58.Ke3 Kb5 59.Kxd3 Ka4 60.Kc2 Ka3 
61.Kb1 1-0

[Event "16th EUR-ch"]
[Site "Jerusalem ISR"]
[Date "2015.03.06"]
[Round "10"]
[White "Ivanisevic, Ivan"]
[Black "Sadzikowski, Daniel"]
[Result "1-0"]
[WhiteElo "2638"]
[BlackElo "2492"]
[EventDate "2015.02.24"]
[PlyCount "135"]

1.d4 Nf6 2.c4 g6 3.Nc3 d5 4.Nf3 Bg7 5.Qb3 dxc4 6.Qxc4 O-O 7.Bf4 c6 8.e4 b5
9.Qb3 a5 10.Qc2 Bg4 11.Be3 Bxf3 12.gxf3 a4 13.Bg2 a3 14.b4 Nh5 15.e5 Na6 
16.Rb1 e6 17.Ne2 Qe7 18.Qd2 Nc7 19.Ng3 Nd5 20.Nxh5 gxh5 21.f4 f5 22.O-O 
Rfc8 23.Kh1 Kh8 24.Rg1 Bh6 25.Bxd5 cxd5 26.Qe2 Qe8 27.Rg3 Ra7 28.Rbg1 Rg7 
29.Qd3 Rxg3 30.hxg3 Bf8 31.Qxa3 Rc4 32.Qa6 Rxb4 33.Kg2 Rc4 34.Rh1 b4 35.
Qb7 h6 36.Qa6 Qc8 37.Qa4 Qc6 38.Qd1 Rc2 39.Qxh5 Rxa2 40.Qf7 Ra8 41.g4 Qe8 
42.Qf6+ Kh7 43.gxf5 exf5 44.Qxf5+ Qg6+ 45.Qxg6+ Kxg6 46.Rc1 Rb8 47.Rc6+ 
Kh5 48.Bc1 b3 49.Bb2 Kg4 50.Rf6 Rc8 51.f5 Be7 52.Rf7 Bh4 53.f6 Rc2 54.Rg7+
Kf5 55.f7 Be7 56.Rg8 Rxb2 57.Re8 Ba3 58.f8=Q+ Bxf8 59.Rxf8+ Kg4 60.Rf3 Rd2
61.Rxb3 Rxd4 62.e6 Ra4 63.e7 Ra8 64.Rg3+ Kh4 65.Rg7 d4 66.Kf3 h5 67.Ke4 
Ra1 68.Kxd4 1-0

[Event "16th EUR-ch"]
[Site "Jerusalem ISR"]
[Date "2015.03.06"]
[Round "10"]
[White "Firat, Burak"]
[Black "Kozul, Zdenko"]
[Result "0-1"]
[WhiteElo "2486"]
[BlackElo "2630"]
[EventDate "2015.02.24"]
[PlyCount "76"]

1.e4 c5 2.Nf3 d6 3.Bb5+ Bd7 4.c4 a6 5.Bxd7+ Nxd7 6.Nc3 g6 7.d4 Bg7 8.Be3 
Rc8 9.O-O cxd4 10.Bxd4 Ngf6 11.Qe2 O-O 12.Nd5 e5 13.Nxf6+ Nxf6 14.Bc3 Qc7 
15.Nd2 Bh6 16.Rad1 Bxd2 17.Bxd2 Qxc4 18.Qxc4 Rxc4 19.Bh6 Rfc8 20.Rxd6 Nxe4
21.Rd7 Nc5 22.Re7 Ne6 23.Rxb7 g5 24.g3 R4c6 25.Re7 Nd4 26.Bxg5 Nf3+ 27.Kg2
Nxg5 28.Rxe5 Ne6 29.Ra5 Rb6 30.b3 Rc2 31.Rd1 h6 32.h4 Nc5 33.Kh3 Ne4 34.
Rd8+ Kg7 35.f3 Nf2+ 36.Kg2 Rg6 37.f4 Ng4+ 38.Kf3 Rc3+ 0-1

[Event "16th EUR-ch"]
[Site "Jerusalem ISR"]
[Date "2015.03.06"]
[Round "10"]
[White "Yuffa, Daniil"]
[Black "Beliavsky, Alexander"]
[Result "1/2-1/2"]
[WhiteElo "2469"]
[BlackElo "2623"]
[EventDate "2015.02.24"]
[PlyCount "216"]

1.d4 Nf6 2.c4 e6 3.g3 d5 4.Nf3 Bb4+ 5.Bd2 Be7 6.Bg2 O-O 7.O-O c6 8.Qc2 b6 
9.Rd1 Nbd7 10.b3 Bb7 11.Nc3 Rc8 12.e4 c5 13.exd5 exd5 14.Bf4 Re8 15.Ne5 
cxd4 16.Nb5 Bc5 17.Nd3 Ne4 18.Nxa7 Ra8 19.Nb5 g5 20.Nxc5 bxc5 21.cxd5 gxf4
22.Bxe4 Qb6 23.a4 Nf6 24.Bg2 Bxd5 25.Qf5 Bxb3 26.Rdb1 Rxa4 27.Rxa4 Bxa4 
28.Nxd4 Qd8 29.Qg5+ Kh8 30.Nf5 Rg8 31.Qxf4 Bc2 32.Nd6 Bg6 33.Rb7 Rf8 34.
Qe5 Kg8 35.Qxc5 Ne8 36.Nf5 Qf6 37.Ne7+ Kg7 38.Nd5 Qa1+ 39.Bf1 Nf6 40.Nf4 
Re8 41.Qc4 Re4 42.Qc8 Re8 43.Qc4 Re4 44.Qb3 Qa4 45.Qc3 Qe8 46.h4 Re1 47.
Ng2 Re7 48.Rb5 Qd8 49.Ne3 Rd7 50.Rc5 Rd2 51.Bg2 Qd4 52.Qxd4 Rxd4 53.g4 Rf4
54.Rc7 h6 55.Ra7 Rd4 56.Kh2 h5 57.gxh5 Nxh5 58.Bf3 Nf4 59.Kg3 Nd3 60.Ra8 
Nxf2 61.Kxf2 Rxh4 62.Kg3 Rb4 63.Bd5 Kf6 64.Ra6+ Kg5 65.Ra5 f5 66.Bf3 Rb3 
67.Nc2 Rd3 68.Ne1 Rb3 69.Kf2 Bh5 70.Bg2 Rb4 71.Rc5 Bg4 72.Kg3 Rb6 73.Nf3+ 
Kf6 74.Ne5 Rb3+ 75.Kf4 Rb4+ 76.Nc4 Be2 77.Bd5 Bd3 78.Rc6+ Ke7 79.Ke5 Be4 
80.Nb6 Rb5 81.Rc7+ Kd8 82.Rc8+ Ke7 83.Rb8 Ra5 84.Rb7+ Ke8 85.Rb8+ Ke7 86.
Rb7+ Ke8 87.Ke6 Bxd5+ 88.Nxd5 Ra6+ 89.Nb6 Kf8 90.Kf6 Kg8 91.Kxf5 Ra1 92.
Nc4 Rf1+ 93.Ke6 Rh1 94.Ne5 Rh6+ 95.Kf5 Kf8 96.Nd7+ Ke8 97.Ke5 Kd8 98.Nc5 
Kc8 99.Rg7 Rh1 100.Kd6 Rd1+ 101.Kc6 Kd8 102.Nd7 Rc1+ 103.Kd6 Rd1+ 104.Kc6 
Rc1+ 105.Nc5 Ke8 106.Ra7 Rd1 107.Ne4 Kf8 108.Nf6 Rd6+ 1/2-1/2

[Event "16th EUR-ch"]
[Site "Jerusalem ISR"]
[Date "2015.03.06"]
[Round "10"]
[White "Erdos, Viktor"]
[Black "Kjartansson, Gudmundur"]
[Result "1/2-1/2"]
[WhiteElo "2615"]
[BlackElo "2484"]
[EventDate "2015.02.24"]
[PlyCount "126"]

1.Nf3 Nf6 2.c4 e6 3.g3 d5 4.Bg2 Be7 5.O-O c6 6.d4 Nbd7 7.Qc2 O-O 8.Nbd2 b6
9.e4 dxc4 10.Nxc4 Bb7 11.e5 Nd5 12.h4 h6 13.Qe4 b5 14.Na3 a6 15.Qg4 Kh7 
16.Re1 c5 17.Nc2 Rc8 18.Nh2 cxd4 19.Nxd4 Nc5 20.Bd2 f5 21.Qe2 Qb6 22.Rad1 
Ne4 23.Ba5 Qxa5 24.Nxe6 Qb6 25.Nxf8+ Rxf8 26.Ng4 Nxg3 27.Qc2 Nf4 28.Bxb7 
Nge2+ 29.Rxe2 Qxb7 30.Ne3 Qf3 31.Red2 Bxh4 32.Kh2 Bxf2 33.Rxf2 Qh3+ 34.Kg1
Qxe3 35.Kh1 Qh3+ 36.Kg1 Qe3 37.Kh1 Qxe5 38.Rdf1 g5 39.Rd1 Rf7 40.Rd8 Qe1+ 
41.Kh2 Ne6 42.Re8 Qe5+ 43.Kg1 Qg3+ 44.Kf1 Qh3+ 45.Kg1 Qg4+ 46.Kf1 Ng7 47.
Qb3 Qh5 48.Rh2 Qxh2 49.Qxf7 Qxb2 50.Re7 Qc1+ 51.Kf2 Qc5+ 52.Ke1 Qc3+ 53.
Kf2 Qd4+ 54.Ke1 Qc3+ 55.Kf2 Qd2+ 56.Kf1 Qd3+ 57.Kf2 Qd4+ 58.Ke1 Qb4+ 59.
Kf2 Qf4+ 60.Kg2 Qd2+ 61.Kf1 Qd1+ 62.Kf2 Qc2+ 63.Ke1 Qc3+ 1/2-1/2

[Event "16th EUR-ch"]
[Site "Jerusalem ISR"]
[Date "2015.03.06"]
[Round "10"]
[White "Solak, Dragan"]
[Black "Givon, Asaf"]
[Result "1/2-1/2"]
[WhiteElo "2607"]
[BlackElo "2473"]
[EventDate "2015.02.24"]
[PlyCount "146"]

1.e4 c5 2.Nf3 d6 3.Bb5+ Nd7 4.d4 cxd4 5.Qxd4 a6 6.Bxd7+ Bxd7 7.c4 b5 8.Nc3
e5 9.Qd3 bxc4 10.Qxc4 Be6 11.Qc6+ Bd7 12.Qc4 Be6 13.Qd3 h6 14.O-O Nf6 15.
Rd1 Be7 16.b3 O-O 17.Be3 Qc7 18.Nd2 Rfc8 19.Rac1 Qb7 20.Nc4 Bxc4 21.bxc4 
Qc6 22.Nd5 Nxd5 23.exd5 Qa4 24.c5 dxc5 25.d6 c4 26.Qd5 Bd8 27.d7 Rc6 28.
Qxe5 c3 29.Qe8+ Kh7 30.Qxf7 Bf6 31.Qd5 Rd8 32.g3 Rc7 33.Qf5+ Kh8 34.Rd6 
Rcxd7 35.Rxf6 gxf6 36.Qxf6+ Kg8 37.Qe6+ Rf7 38.Kg2 Qd7 39.Qxd7 Rfxd7 40.
Rxc3 Rd3 41.Rc2 R8d6 42.a4 R3d5 43.g4 Re6 44.Rc4 h5 45.h3 Rde5 46.Kf3 Kf7 
47.Bf4 Rd5 48.Kg3 Re1 49.Be3 Ra1 50.g5 Ra5 51.Rc7+ Ke6 52.Kh4 R5xa4+ 53.
Kxh5 Rh1 54.Kg6 Rxh3 55.Kg7 Rg4 56.g6 a5 57.Rc6+ Ke7 58.Bc5+ Kd7 59.Rd6+ 
Kc7 60.Rd4 Rxd4 61.Bxd4 Kd6 62.Kf7 Rf3+ 63.Ke8 Rf4 64.g7 Rg4 65.Kf7 Kd5 
66.Bc3 a4 67.f3 Rg3 68.g8=Q Rxg8 69.Kxg8 Ke6 70.Bb2 Kf5 71.Bc1 a3 72.Bxa3 
Kf4 73.Bc1+ Kxf3 1/2-1/2

[Event "16th EUR-ch"]
[Site "Jerusalem ISR"]
[Date "2015.03.06"]
[Round "10"]
[White "Gruenfeld, Yehuda"]
[Black "Potkin, Vladimir"]
[Result "0-1"]
[WhiteElo "2444"]
[BlackElo "2605"]
[EventDate "2015.02.24"]
[PlyCount "92"]

1.e4 c5 2.Nf3 e6 3.d4 cxd4 4.Nxd4 Nc6 5.Nc3 Qc7 6.g3 a6 7.Bg2 d6 8.O-O Be7
9.Re1 Bd7 10.Nxc6 Bxc6 11.Qg4 h5 12.Qe2 h4 13.a4 Nf6 14.a5 Rc8 15.Be3 hxg3
16.hxg3 e5 17.Red1 g6 18.Bb6 Qd7 19.b3 Kf8 20.Nd5 Bxd5 21.exd5 Bd8 22.Bxd8
Qxd8 23.c4 Kg7 24.b4 Rh5 25.Rac1 e4 26.Re1 b6 27.axb6 Qxb6 28.Qb2 a5 29.b5
Re5 30.c5 Rxc5 31.Rxc5 Qxc5 32.b6 e3 33.Rxe3 Rxe3 34.fxe3 Qxe3+ 35.Kh2 a4 
36.b7 a3 37.Qxf6+ Kxf6 38.b8=Q Qh6+ 39.Bh3 Qd2+ 40.Bg2 Qh6+ 41.Bh3 Qd2+ 
42.Bg2 Kg7 43.Qb3 a2 44.Qa3 Qc2 45.g4 Qb1 46.Qc3+ Kg8 0-1

[Event "16th EUR-ch"]
[Site "Jerusalem ISR"]
[Date "2015.03.06"]
[Round "10"]
[White "Bok, Benjamin"]
[Black "Yilmazyerli, Mert"]
[Result "1/2-1/2"]
[WhiteElo "2587"]
[BlackElo "2465"]
[EventDate "2015.02.24"]
[PlyCount "45"]

1.e4 g6 2.d4 Bg7 3.Nc3 d6 4.f4 Nf6 5.Bd3 O-O 6.Nf3 Nc6 7.e5 dxe5 8.fxe5 
Nh5 9.Be3 Bg4 10.Be2 f6 11.exf6 exf6 12.Qd2 f5 13.O-O-O f4 14.Bf2 Kh8 15.
d5 Ne7 16.Bd4 Nf5 17.Bxg7+ Nfxg7 18.Rhe1 Qf6 19.Ne4 Qe7 20.Nfg5 Bxe2 21.
Rxe2 Rad8 22.Qc3 f3 23.gxf3 1/2-1/2

[Event "16th EUR-ch"]
[Site "Jerusalem ISR"]
[Date "2015.03.06"]
[Round "10"]
[White "Huzman, Alexander"]
[Black "Damaso, Rui"]
[Result "1-0"]
[WhiteElo "2582"]
[BlackElo "2451"]
[EventDate "2015.02.24"]
[PlyCount "67"]

1.d4 Nf6 2.c4 g6 3.Nc3 Bg7 4.e4 O-O 5.Nf3 d6 6.Be2 c5 7.O-O Bg4 8.d5 e6 9.
h3 Bxf3 10.Bxf3 exd5 11.exd5 Nbd7 12.Bd2 Ne8 13.Be2 f5 14.f4 Bd4+ 15.Kh2 
a6 16.Bd3 Ng7 17.Ne2 Bxb2 18.Rb1 Bd4 19.Rxb7 Nh5 20.Qa4 Rf7 21.Qc6 Ndf6 
22.Nxd4 cxd4 23.Rxf7 Kxf7 24.Qb7+ Kg8 25.Qb2 Ng4+ 26.Kg1 Ne3 27.Rf3 Qf6 
28.Qb6 Re8 29.c5 g5 30.cxd6 gxf4 31.d7 Rd8 32.Qxf6 Nxf6 33.Rxf4 Nexd5 34.
Rxd4 1-0

[Event "16th EUR-ch"]
[Site "Jerusalem ISR"]
[Date "2015.03.06"]
[Round "10"]
[White "Jojua, Davit"]
[Black "Sanal, Vahap"]
[Result "1-0"]
[WhiteElo "2579"]
[BlackElo "2460"]
[EventDate "2015.02.24"]
[PlyCount "81"]

1.d4 Nf6 2.c4 e6 3.Nc3 Bb4 4.Qc2 O-O 5.a3 Bxc3+ 6.Qxc3 b6 7.Bg5 d6 8.e3 
Nbd7 9.Ne2 Ba6 10.Rd1 Rc8 11.Qc2 c5 12.Qa4 Bb7 13.Nc3 a6 14.Be2 Bxg2 15.
Rg1 Bc6 16.Qc2 Kh8 17.d5 exd5 18.cxd5 Bb7 19.Bg4 Rc7 20.Bxd7 Qxd7 21.Bxf6 
gxf6 22.Ne4 Qf5 23.Qc3 Rg8 24.Rxg8+ Kxg8 25.Nxf6+ Kf8 26.e4 Qf4 27.Rd3 Ke7
28.Rf3 Qxh2 29.Ke2 Qh4 30.e5 Rc8 31.Rf5 Re8 32.exd6+ Kd8+ 33.Nxe8 Qe4+ 34.
Qe3 Qc2+ 35.Kf1 Qd1+ 36.Qe1 Qxe1+ 37.Kxe1 Kxe8 38.d7+ Kd8 39.Rxf7 Bxd5 40.
Rf6 b5 41.Rxa6 1-0

[Event "16th EUR-ch"]
[Site "Jerusalem ISR"]
[Date "2015.03.06"]
[Round "10"]
[White "Dvoirys, Semen"]
[Black "Nakar, Eylon"]
[Result "1-0"]
[WhiteElo "2578"]
[BlackElo "2435"]
[EventDate "2015.02.24"]
[PlyCount "87"]

1.e4 e6 2.d4 d5 3.e5 c5 4.c3 Nc6 5.Nf3 Qb6 6.a3 Nh6 7.b4 cxd4 8.cxd4 Nf5 
9.Be3 f6 10.exf6 gxf6 11.Nc3 Nxe3 12.fxe3 Bh6 13.Qd3 O-O 14.Be2 a5 15.b5 
Ne7 16.O-O e5 17.e4 dxe4 18.Nxe4 exd4 19.Kh1 Nf5 20.Nfd2 Kh8 21.Nc4 Qd8 
22.Qh3 Qe8 23.Bd3 Qg6 24.Nb6 Ne3 25.Nxc8 Raxc8 26.Rxf6 Rxf6 27.Nxf6 Qxg2+ 
28.Qxg2 Nxg2 29.Kxg2 Rc3 30.Be4 d3 31.Nd5 Rc4 32.Kf3 d2 33.Rd1 Ra4 34.h4 
Rxa3+ 35.Ke2 Rh3 36.Rh1 Rg3 37.Bf3 a4 38.Nc3 a3 39.Ra1 Bg7 40.Rxa3 Rxf3 
41.Kxf3 Bxc3 42.Ke2 Bf6 43.h5 Bd4 44.Rd3 1-0

[Event "16th EUR-ch"]
[Site "Jerusalem ISR"]
[Date "2015.03.06"]
[Round "10"]
[White "Esen, Baris"]
[Black "Forster, Richard"]
[Result "1-0"]
[WhiteElo "2571"]
[BlackElo "2446"]
[EventDate "2015.02.24"]
[PlyCount "109"]

1.d4 Nf6 2.c4 g6 3.Nf3 Bg7 4.g3 O-O 5.Bg2 c5 6.Nc3 cxd4 7.Nxd4 Qc7 8.Qd3 
Nc6 9.O-O Ne5 10.Qe3 Nxc4 11.Qxe7 Qb6 12.Nc2 d5 13.Qb4 Bg4 14.Qxb6 Nxb6 
15.Be3 Rac8 16.Bd4 Bxe2 17.Rfe1 Bd3 18.Nb4 Be4 19.Bxb6 axb6 20.Nbxd5 Bxd5 
21.Nxd5 Nxd5 22.Bxd5 Bxb2 23.Rab1 Rc2 24.Bb3 Rd2 25.Rbd1 Rxd1 26.Rxd1 Ba3 
27.Rd7 h5 28.Rxb7 Bc5 29.Kg2 Kg7 30.f4 Kf6 31.Kf3 Kg7 32.h3 Kf6 33.Rc7 Bg1
34.g4 hxg4+ 35.hxg4 g5 36.Rc6+ Kg7 37.fxg5 Rd8 38.g6 fxg6 39.Bc2 Rf8+ 40.
Kg2 Bc5 41.Rxg6+ Kf7 42.Rc6 Kg7 43.Rg6+ Kf7 44.Rh6 Kg7 45.Rh7+ Kg8 46.Bd3 
Rf2+ 47.Kg3 Rxa2 48.Rd7 Ra4 49.Bf5 Ra3+ 50.Kf4 Ra8 51.Be6+ Kh8 52.Kf5 Re8 
53.Kf6 Bf8 54.Kf7 Ra8 55.Kg6 1-0